Axis Power of World War II - Statistics

General Stats
  • This quiz has been taken 45 times
  • The average score is 18 of 33
Answer Stats
Date Country % Correct
September 27, 1940 Deutsches Reich
100%
September 27, 1940 Empire of Japan
100%
September 27, 1940 Kingdom of Italy
100%
October 17, 1944 Government of National Unity
89%
November 20, 1940 Kingdom of Hungary
89%
November 23, 1940 Kingdom of Romania
86%
November 24, 1940 Slovak Republic
86%
March 1, 1941 Tsardom of Bulgaria
86%
September 27, 1940 French State
78%
September 27, 1940 Military Administration in Occupied France
78%
September 27, 1940 Kingdom of Albania
68%
February 1, 1942 Reichskommissariat Norwegen
68%
September 27, 1940 Military Administration in Belgium and Northern France
62%
September 27, 1940 Reichskommissariat Niederlande
62%
April 30, 1941 Hellenic State
59%
April 10, 1941 Independent State of Croatia
59%
September 27, 1940 Reorganized National Government of China
59%
September 27, 1940 General Governorate for the Occupied Polish Region
57%
September 1, 1941 Reichskommissariat Ukraine
54%
December 21, 1943 Belarusian Central Rada
51%
March 25, 1941 Kingdom of Yugoslavia
51%
March 9, 1945 Empire of Vietnam
46%
August 29, 1941 Government of National Salvation
41%
March 9, 1945 Kingdom of Kampuchea
38%
October 21, 1943 Provisional Government of Free India
35%
October 14, 1943 Second Philippine Republic
32%
April 1, 1943 State of Burma
27%
September 27, 1940 State of Manchukuo
22%
September 23, 1943 Italian Social Republic
16%
September 27, 1940 Protectorate of Bohemia and Moravia
16%
September 27, 1940 Mengjiang United Autonomous Government
11%
April 1942 Lokot Republic
8%
July 25, 1941 Reichskommissariat Ostland
8%
No matching quizzes found
Score Distribution
Percent of People with Each Score
Percentile by Number Answered
Your Score History
You have not taken this quiz